000 00917cam a2200349 4500
001 J102690
008 000000n1999 000 0 eng u
035 _a(Sirsi) u102690
110 _aValuation Office
_9264
245 _aProperty market report. - Autumn 1999
260 _aLondon
_bEstates Gazette
_c1999
300 _a178p. ; 30cm.
350 _a35.00
650 _aFARM LAND
650 _aHOUSE PRICES
650 _aINDUSTRIAL DEVELOPMENT LAND
650 _aLAND PRICES
650 _aLAND VALUES
650 _aOFFICES
650 _aPROPERTY INVESTMENT
650 _aRENTAL VALUES
650 _aRESIDENTIAL BUILDING LAND
650 _aRESIDENTIAL PROPERTY
_96266
650 _aSHOPS
650 _aWAREHOUSES
650 _aYIELDS
650 _aSHOPPING CENTRE YIELDS
650 _aINDUSTRIAL PROPERTY
650 _aMINERALS
690 _aPROPERTY-COMMERCIAL PROPERTY
942 _n0
999 _c100058
_d100058